[Event "Lansing (MI Op/4/14)"]
[Site "?"]
[Date "1987.??.??"]
[Round "?"]
[White "Stefanski, Mark"]
[Black "Haluska, James"]
[Result "1/2-1/2"]
[WhiteElo "1825"]
[BlackElo "2090"]
[PlyCount "80"]
[EventDate "1987.??.??"]

{4/(14)} 1. e4 c5 2. c4 Nc6 3. Ne2 g6 4. Nbc3 Bg7 5. g3 d6 6. Bg2 Bg4 7. h3 Bd7
8. O-O h5 9. d3 Nh6 10. f3 O-O 11. Be3 f5 12. Qd2 Kh7 13. d4 b6 14. Rad1 Qc8
15. dxc5 bxc5 16. b3 fxe4 17. Nxe4 Bf5 18. Ng5+ Kh8 19. g4 Bd7 20. Bxc5 hxg4
21. fxg4 Rxf1+ 22. Kxf1 Bxg4 23. hxg4 dxc5 24. Qd5 Qf8+ 25. Kg1 Rd8 26. Rf1
Qxf1+ 27. Kxf1 Rxd5 28. Bxd5 Ne5 29. Ne6 Nhxg4 30. Nxc5 Ne3+ 31. Kf2 Nxd5 32.
cxd5 Nf7 33. Ne6 Be5 34. N2d4 Bxd4+ 35. Nxd4 Nd6 36. Nc6 Nc8 37. b4 Kg8 38. b5
Kf8 39. Nxa7 Nb6 40. Kf3 Nxd5 1/2-1/2

[Event "Hazel Park (MCO/5/14)"]
[Site "?"]
[Date "1987.??.??"]
[Round "?"]
[White "Stefanski, Mark"]
[Black "Finegold, Ron"]
[Result "0-1"]
[WhiteElo "1805"]
[BlackElo "2225"]
[PlyCount "66"]
[EventDate "1987.??.??"]

{5/(14)} 1. e4 e5 2. Nc3 Nc6 3. Bc4 Nf6 4. Nf3 Be7 5. O-O d6 6. d4 exd4 7. Nxd4
O-O 8. Bf4 Nd7 9. Bxf7+ Rxf7 10. Ne6 Rxf4 11. Nxd8 Bxd8 12. Nd5 Rf7 13. f4 Nf8
14. g4 Ng6 15. b4 Nce7 16. h3 c6 17. Ne3 Bb6 18. Qd2 Nxf4 19. Kh1 g5 20. Nc4 d5
21. Nxb6 axb6 22. exd5 cxd5 23. Qe3 h6 24. a3 b5 25. Qb6 Ra6 26. Qxb5 Rc6 27.
Rac1 b6 28. Rce1 Bb7 29. Rf2 d4 30. Kh2 Neg6 31. Re8+ Kg7 32. Rb8 Rc3 33. Qxb6
Rxh3+ 0-1

[Event "Lansing (MI Op/2/23)"]
[Site "?"]
[Date "1987.??.??"]
[Round "?"]
[White "Stefanski, Mark"]
[Black "Farges, Y.."]
[Result "1/2-1/2"]
[WhiteElo "1825"]
[BlackElo "2085"]
[PlyCount "81"]
[EventDate "1987.??.??"]

{2/(23)} 1. e4 c5 2. c4 Nc6 3. Nc3 g6 4. g3 Bg7 5. d3 d6 6. Bg2 e6 7. Nge2 Nge7
8. O-O O-O 9. h3 Rb8 10. a4 a6 11. Kh2 Nd4 12. Nxd4 cxd4 13. Ne2 e5 14. f4 f5
15. fxe5 dxe5 16. b4 fxe4 17. Bxe4 Bf5 18. Bg2 h5 19. Bg5 Qc7 20. Nc1 Be6 21.
Nb3 Nf5 22. Nc5 Bf7 23. Qd2 h4 24. gxh4 e4+ 25. Bf4 Be5 26. Nxe4 Ne3 27. Bxe5
Qxe5+ 28. Kg1 Nxf1 29. Rxf1 Be6 30. Qg5 Rxf1+ 31. Kxf1 Rf8+ 32. Ke2 Qxg5 33.
hxg5 Rf7 34. Nc5 Re7 35. Nxe6 Rxe6+ 36. Be4 Kf8 37. Kf3 b6 38. b5 axb5 39. axb5
Ke7 40. h4 Kd6 41. Kf4 1/2-1/2

[Event "Hazel Park (MCO/4/15)"]
[Site "?"]
[Date "1987.??.??"]
[Round "?"]
[White "Steen, Harold"]
[Black "Robison, B.."]
[Result "0-1"]
[WhiteElo "1795"]
[BlackElo "2020"]
[PlyCount "68"]
[EventDate "1987.??.??"]

{4/(15)} 1. c4 Nf6 2. Nc3 g6 3. g3 Bg7 4. Bg2 d6 5. a3 a5 6. Rb1 O-O 7. b4 c6
8. e3 e5 9. Nge2 d5 10. cxd5 cxd5 11. b5 d4 12. exd4 exd4 13. Ne4 d3 14. N2c3
Nxe4 15. Bxe4 Re8 16. O-O Bxc3 17. Bxg6 hxg6 18. dxc3 Qd5 19. f4 Bh3 20. Rf2
Qe4 21. Bd2 Nd7 22. Qf3 Qxf3 23. Rxf3 Nc5 24. b6 Rad8 25. Rb5 Ne4 26. Rb2 Nxd2
27. Rxd2 Re1+ 28. Kf2 Rf1+ 29. Ke3 Re8+ 30. Kxd3 Rxf3+ 31. Kc4 Rc8+ 32. Kb5
Rfxc3 33. Kxa5 R3c4 34. Rb2 Bd7 0-1

[Event "Hazel Park (MCO/6/15)"]
[Site "?"]
[Date "1987.??.??"]
[Round "?"]
[White "Steen, Harold"]
[Black "Golonka, Stan"]
[Result "1/2-1/2"]
[WhiteElo "1795"]
[BlackElo "1980"]
[PlyCount "116"]
[EventDate "1987.??.??"]

{6/(15)} 1. c4 e5 2. Nc3 Nf6 3. g3 Bb4 4. a3 Bxc3 5. bxc3 d6 6. Bg2 Nc6 7. d3
O-O 8. e4 Bg4 9. Nf3 Qd7 10. O-O Bh3 11. Rb1 Bxg2 12. Kxg2 Rab8 13. Nh4 Nd8 14.
Bg5 Ne8 15. Nf5 f6 16. Be3 b6 17. Qg4 Kh8 18. Qd1 Ne6 19. Bd2 Nc5 20. Bc1 c6
21. a4 Nc7 22. Qc2 d5 23. Rd1 Qe6 24. Ba3 Rfd8 25. cxd5 cxd5 26. f3 N7a6 27.
Ne3 d4 28. cxd4 Rxd4 29. Bxc5 Rc8 30. Nc4 Rxc5 31. Qb3 h6 32. g4 Rc8 33. Qc3
Nc5 34. Rb4 Nxd3 35. Rxd3 Rdxc4 36. Rxc4 Rxc4 37. Qb3 Qc8 38. Rd8+ Qxd8 39.
Qxc4 Qd7 40. Kg3 Kh7 41. h4 g6 42. Qb4 Kg7 43. Kf2 Qc7 44. Ke3 Kf7 45. Qb3+ Kf8
46. Qb4+ Qc5+ 47. Qxc5+ bxc5 48. Kd3 Ke7 49. Kc4 Kd6 50. Kb5 g5 51. h5 a6+ 52.
Kc4 a5 53. Kb5 c4 54. Kxc4 Kc6 55. Kb3 Kb6 56. Kc4 Kc6 57. Kb3 Kb6 58. Kc4 Kc6
1/2-1/2

[Event "Hazel Park (MCO/2/12)"]
[Site "?"]
[Date "1987.??.??"]
[Round "?"]
[White "Steen, Harold"]
[Black "Farges, Y.."]
[Result "0-1"]
[WhiteElo "1795"]
[BlackElo "2085"]
[PlyCount "50"]
[EventDate "1987.??.??"]

{2/(12)} 1. c4 f5 2. Nf3 b6 3. g3 Bb7 4. Bg2 Nf6 5. O-O e6 6. Nc3 Be7 7. a3 a5
8. Rb1 Na6 9. d4 O-O 10. Bf4 Ne4 11. Qc2 g5 12. Bc1 Nxc3 13. Qxc3 Be4 14. Ra1
c5 15. e3 g4 16. Ne5 Bxg2 17. Kxg2 Bf6 18. f4 Rc8 19. b3 Qe7 20. Bb2 Rfd8 21.
Rad1 Qg7 22. Qd2 d6 23. Nd3 cxd4 24. exd4 Bxd4 25. Qe2 Qb7+ 0-1

[Event "Allendale (MI Am/2/18)"]
[Site "?"]
[Date "1987.??.??"]
[Round "?"]
[White "Starr, J.."]
[Black "Lavelline, J.."]
[Result "1-0"]
[WhiteElo "1605"]
[BlackElo "1605"]
[PlyCount "51"]
[EventDate "1987.??.??"]

{2/(18)} 1. e4 e6 2. d4 d5 3. Nc3 Bb4 4. e5 c5 5. a3 cxd4 6. axb4 dxc3 7. bxc3
Qc7 8. Qd4 Nc6 9. Bb5 Bd7 10. Bxc6 Bxc6 11. f4 a6 12. Nf3 Ne7 13. O-O Nf5 14.
Qd2 Qb6+ 15. Nd4 Nxd4 16. cxd4 Bb5 17. Rf3 Rc8 18. c3 Kd7 19. f5 Rhf8 20. Qg5
g6 21. f6 Rc4 22. Bb2 Ra8 23. Qh6 Rac8 24. Qxh7 Rxc3 25. Qxf7+ Kc6 26. Qxe6+
1-0

[Event "Allendale (MI Am/5/12)"]
[Site "?"]
[Date "1987.??.??"]
[Round "?"]
[White "Starr, J.."]
[Black "Lahr, Fred"]
[Result "0-1"]
[WhiteElo "1605"]
[BlackElo "1605"]
[PlyCount "124"]
[EventDate "1987.??.??"]

{5/(12)} 1. c4 c5 2. Nc3 Nc6 3. d3 g6 4. Nf3 Bg7 5. g3 e5 6. Bg2 d6 7. O-O Nge7
8. Bg5 f6 9. Bd2 O-O 10. Qc1 Be6 11. Bh6 f5 12. Bxg7 Kxg7 13. Ng5 Bg8 14. e3 h6
15. Nf3 a6 16. a4 g5 17. Ne1 Rb8 18. Nc2 d5 19. cxd5 Nxd5 20. Na3 b6 21. Rd1
Ncb4 22. Nxd5 Bxd5 23. e4 Bb3 24. Rd2 Qd4 25. Qc3 Bxa4 26. Nc4 Bb5 27. Nxe5
Rbd8 28. Qxd4 Rxd4 29. Rad1 Kf6 30. f4 Rfd8 31. Nf3 Rxd3 32. e5+ Kg6 33. Rxd3
Rxd3 34. Rd2 Rxd2 35. Nxd2 Bc6 36. Nc4 Bxg2 37. Kxg2 Nd5 38. Kf3 Kf7 39. h4 g4+
40. Ke2 b5 41. Ne3 Ne7 42. Kd3 Ke6 43. b3 Nc6 44. Nc2 h5 45. Kc3 Kd5 46. Ne3+
Ke4 47. Kd2 Nd4 48. Nc2 Nxb3+ 49. Kc3 Na5 50. Ne1 Nc6 51. Nd3 Kd5 52. Kb2 Nd4
53. Ka3 Ne2 54. e6 b4+ 55. Kb2 Kxe6 56. Nxc5+ Kd5 57. Nxa6 Nxg3 58. Nxb4+ Ke4
59. Kc2 Ne2 60. Kd2 Nxf4 61. Ke1 Ng2+ 62. Kf2 Nxh4 0-1

[Event "Allendale (MI Am/4/6)"]
[Site "?"]
[Date "1987.??.??"]
[Round "?"]
[White "Starr, J.."]
[Black "Brown, Dan"]
[Result "0-1"]
[WhiteElo "1605"]
[BlackElo "1850"]
[PlyCount "68"]
[EventDate "1987.??.??"]

{4/(6)} 1. c4 g6 2. d3 Bg7 3. Nc3 c5 4. Nf3 Nc6 5. g3 Nf6 6. Bg2 O-O 7. O-O d6
8. h3 a6 9. Be3 Rb8 10. Qd2 e5 11. Ng5 Nd4 12. Nge4 Nxe4 13. Nxe4 b5 14. cxb5
axb5 15. Nc3 b4 16. Nd5 Be6 17. Bxd4 exd4 18. b3 Be5 19. a3 bxa3 20. Rxa3 Qd7
21. Kh2 Rb5 22. b4 Bxd5 23. Bxd5 cxb4 24. Bxf7+ Qxf7 25. Ra4 Rfb8 26. f4 b3 27.
Rb1 Bg7 28. Qb2 Rc5 29. Qa3 Qe6 30. Rb2 Rc2 31. Rxc2 bxc2 32. e4 dxe3 33. Ra6
Bf8 34. Qc3 e2 0-1

[Event "Lansing (MI Op/2/10)"]
[Site "?"]
[Date "1987.??.??"]
[Round "?"]
[White "Stanfield, L.."]
[Black "Thomas, C.."]
[Result "1/2-1/2"]
[WhiteElo "1960"]
[BlackElo "2130"]
[PlyCount "57"]
[EventDate "1987.??.??"]

{2/(10)} 1. c4 Nf6 2. g3 e5 3. Bg2 Nc6 4. Nc3 Bc5 5. e3 O-O 6. Nge2 Re8 7. O-O
d6 8. d4 Bb4 9. d5 Ne7 10. a3 Bxc3 11. Nxc3 Ng6 12. e4 h6 13. b4 Bd7 14. c5 a5
15. Bd2 Qe7 16. cxd6 Qxd6 17. Qb3 b6 18. b5 Nh7 19. Rac1 Rac8 20. Be3 Ng5 21.
h4 Nh7 22. h5 Ne7 23. f4 Nf6 24. f5 Ng4 25. Bd2 Qc5+ 26. Kh1 Qd4 27. Rc2 Nf2+
28. Kh2 Ng4+ 29. Kh1 1/2-1/2

[Event "Lansing (MI Op/7/16)"]
[Site "?"]
[Date "1987.??.??"]
[Round "?"]
[White "Stanfield, L.."]
[Black "Mason, D.."]
[Result "1/2-1/2"]
[WhiteElo "1960"]
[BlackElo "2065"]
[PlyCount "78"]
[EventDate "1987.??.??"]

{7/(16)} 1. e4 c6 2. d4 d5 3. exd5 cxd5 4. Bd3 g6 5. Nf3 Bg4 6. h3 Bxf3 7. Qxf3
Bg7 8. c3 Nf6 9. O-O O-O 10. Bf4 Nc6 11. Nd2 Nh5 12. Bh2 e5 13. dxe5 Bxe5 14.
Nb3 Qd6 15. Bxe5 Nxe5 16. Qd1 a6 17. Nd4 Nf4 18. Be2 Rfe8 19. Re1 Re7 20. Qd2
Qf6 21. Nf3 Nxe2+ 22. Qxe2 Nxf3+ 23. Qxf3 Qxf3 24. gxf3 Rae8 25. Rxe7 Rxe7 26.
Kf1 Kg7 27. Rd1 Re5 28. Rd4 Kf6 29. Rb4 Re7 30. Rh4 h5 31. Rd4 Ke5 32. Kg2 Kd6
33. Kf1 b5 34. Rd2 Re5 35. Rd3 f5 36. Re3 f4 37. Rd3 Kc5 38. Rd4 a5 39. Rxf4
Rf5 1/2-1/2

[Event "Lansing (MI Op/6/27)"]
[Site "?"]
[Date "1987.??.??"]
[Round "?"]
[White "Stanfield, L.."]
[Black "Kornhauser, M.."]
[Result "0-1"]
[WhiteElo "1960"]
[BlackElo "1760"]
[PlyCount "58"]
[EventDate "1987.??.??"]

{6/(27)} 1. c4 Nf6 2. g3 g6 3. Bg2 Bg7 4. Nf3 d6 5. O-O O-O 6. Nc3 e5 7. d3 Nc6
8. Bd2 Nh5 9. Bg5 f6 10. Bd2 Be6 11. Qc1 f5 12. Bg5 Qd7 13. Bh6 f4 14. Bxg7
Kxg7 15. Ng5 Bf5 16. Nd5 Nd4 17. Qd2 c6 18. Nc3 h6 19. Nf3 Ne6 20. Nh4 Ng5 21.
Nxf5+ Qxf5 22. Ne4 Rad8 23. Qb4 Qd7 24. c5 d5 25. Nd6 b6 26. d4 e4 27. Qa3 f3
28. exf3 exf3 29. Bh1 Nh3# 0-1

[Event "Lansing (MI Op/4/19)"]
[Site "?"]
[Date "1987.??.??"]
[Round "?"]
[White "Stanfield, L.."]
[Black "Farges, Y.."]
[Result "1/2-1/2"]
[WhiteElo "1960"]
[BlackElo "2085"]
[PlyCount "97"]
[EventDate "1987.??.??"]

{4/(19)} 1. c4 Nf6 2. g3 e5 3. Bg2 d5 4. cxd5 Nxd5 5. Nc3 Be6 6. Nf3 Nd7 7. O-O
Be7 8. Ne1 c6 9. a3 Nc5 10. Ne4 O-O 11. Nxc5 Bxc5 12. Nd3 Bd6 13. b4 f5 14. Bb2
e4 15. Nc5 Bxc5 16. bxc5 Qe7 17. Rc1 Rad8 18. Be5 Qg5 19. Bd6 Rf7 20. Qa4 Qxd2
21. Qd1 Qb2 22. a4 Nc3 23. Qc2 Nxe2+ 24. Kh1 Qxc2 25. Rxc2 Nd4 26. Rb2 Nb3 27.
Rfb1 Na5 28. Bf1 b6 29. Kg1 bxc5 30. Rb8 Rfd7 31. Bxc5 Nc4 32. Bxc4 Bxc4 33.
Bxa7 Rxb8 34. Bxb8 Bd3 35. Ra1 Rb7 36. Bd6 Rb1+ 37. Rxb1 Bxb1 38. Kf1 Bd3+ 39.
Ke1 Kf7 40. Kd2 Ke6 41. Bb4 Kd5 42. h4 g6 43. Kc3 Ke5 44. Ba5 Kd5 45. Bc7 Bf1
46. Bd8 e3 47. fxe3 Ke4 48. Bg5 Kf3 49. Bf4 1/2-1/2

[Event "Lansing (MI Op/3/24)"]
[Site "?"]
[Date "1987.??.??"]
[Round "?"]
[White "Smith, Michael R"]
[Black "Stefanski, Mark"]
[Result "0-1"]
[WhiteElo "2010"]
[BlackElo "1825"]
[PlyCount "54"]
[EventDate "1987.??.??"]

{3/(24)} 1. e4 e6 2. d4 d5 3. Nd2 b6 4. c3 Nf6 5. e5 Nfd7 6. Bd3 Ba6 7. Bxa6
Nxa6 8. Qe2 Qc8 9. f4 c5 10. Ngf3 cxd4 11. Nxd4 Nac5 12. O-O g6 13. b4 Na4 14.
a3 Qxc3 15. N2b3 Qc4 16. Qe3 Ndc5 17. bxc5 bxc5 18. Nc6 Qb5 19. Nba5 c4 20. Bd2
Bc5 21. Nd4 Qb2 22. Nac6 c3 23. Bxc3 Nxc3 24. Kh1 Rc8 25. Qd3 Ne4 26. Qa6 O-O
27. h3 Ng3+ 0-1

[Event "Lansing (MI Op/1b/19)"]
[Site "?"]
[Date "1987.??.??"]
[Round "?"]
[White "Smith, Michael R"]
[Black "Sanborn, Richard"]
[Result "1-0"]
[WhiteElo "2010"]
[BlackElo "1800"]
[PlyCount "77"]
[EventDate "1987.??.??"]

1. e4 c5 2. Nf3 Nc6 3. d4 cxd4 4. Nxd4 d6 5. Nc3 a6 6. Be2 Nf6 7. Be3 e6 8. Qd2
Be7 9. f4 O-O 10. O-O-O Qc7 11. Bf3 Na5 12. Bg1 Rb8 13. g4 b5 14. g5 Nc4 15.
Qg2 Nd7 16. f5 Nde5 17. f6 Bd8 18. fxg7 Kxg7 19. h4 b4 20. Nce2 a5 21. Nf4 Kh8
22. h5 Nxf3 23. Nxf3 a4 24. Ng6+ Kg8 25. Nxf8 b3 26. axb3 axb3 27. g6 fxg6 28.
hxg6 h6 29. Rxh6 Ra8 30. Rh8+ Kxh8 31. Qh2+ Kg8 32. Qh7+ Qxh7 33. gxh7+ Kh8 34.
cxb3 Ra1+ 35. Kc2 Rxd1 36. Kxd1 Na5 37. Bd4+ e5 38. Nxe5 Bf6 39. Neg6+ 1-0

[Event "Lansing (MI Op/5/31)"]
[Site "?"]
[Date "1987.??.??"]
[Round "?"]
[White "Smith, Michael R"]
[Black "Profit, Brian"]
[Result "1/2-1/2"]
[WhiteElo "2010"]
[BlackElo "1815"]
[PlyCount "57"]
[EventDate "1987.??.??"]

{5/(31)} 1. e4 e6 2. d4 d5 3. Nd2 c5 4. exd5 Qxd5 5. Ngf3 cxd4 6. Bc4 Qd6 7.
O-O Nf6 8. Nb3 Nc6 9. Nbxd4 Nxd4 10. Nxd4 a6 11. a4 Qc7 12. Qe2 Bd6 13. h3 O-O
14. Bg5 Be5 15. Rad1 Rd8 16. c3 Bxd4 17. cxd4 Bd7 18. b3 Bc6 19. Rd3 Kh8 20.
Rc1 Qa5 21. Qe5 Qxe5 22. dxe5 Rxd3 23. Bxd3 Nd5 24. Bd2 Rd8 25. Bxa6 Kg8 26.
Bc4 Kf8 27. Ba5 Rd7 28. Bxd5 Rxd5 29. Bc7 1/2-1/2

[Event "Lansing (MI Op/7/28)"]
[Site "?"]
[Date "1987.??.??"]
[Round "?"]
[White "Smith, Michael R"]
[Black "Braak, Dairen"]
[Result "0-1"]
[WhiteElo "2010"]
[BlackElo "1880"]
[PlyCount "44"]
[EventDate "1987.??.??"]

{7/(28)} 1. e4 c5 2. Nf3 d6 3. d4 cxd4 4. Nxd4 Nf6 5. Nc3 a6 6. Bg5 Nbd7 7. f4
Qc7 8. Be2 h6 9. Bh4 e5 10. fxe5 dxe5 11. Nf5 g6 12. Ne3 Bb4 13. O-O Bxc3 14.
Bxf6 Nxf6 15. Rxf6 Bd4 16. Rf3 Qb6 17. Kf2 f5 18. exf5 e4 19. Rg3 Rf8 20. Rxg6
Bxe3+ 21. Ke1 Qa5+ 22. c3 Qxf5 0-1

[Event "Allendale (MI Am/3/2)"]
[Site "?"]
[Date "1987.??.??"]
[Round "?"]
[White "Smith, Les L"]
[Black "Skidmore, Mike"]
[Result "1/2-1/2"]
[WhiteElo "1995"]
[BlackElo "1905"]
[PlyCount "77"]
[EventDate "1987.??.??"]

{3/(2)} 1. f4 e6 2. Nf3 Nf6 3. e3 c5 4. d4 Nc6 5. c3 Be7 6. Bd3 cxd4 7. exd4 d6
8. O-O O-O 9. Nbd2 Re8 10. Qe1 Qc7 11. h3 Bd7 12. g4 Nd5 13. Qg3 e5 14. fxe5
dxe5 15. dxe5 Bc5+ 16. Kh1 Nxe5 17. Nxe5 Qxe5 18. Qxe5 Rxe5 19. Ne4 Bb6 20. Nd6
Bc6 21. Bb5 Bxb5 22. Nxb5 Re2 23. Rd1 Ne3 24. Bxe3 Rxe3 25. Rd7 Rxh3+ 26. Kg2
Re3 27. b4 Rae8 28. Rxb7 g5 29. c4 Re2+ 30. Kh1 Be3 31. Nd6 Rd8 32. Nf5 Bf4 33.
Rxa7 h5 34. gxh5 Rdd2 35. c5 Rh2+ 36. Kg1 Rdg2+ 37. Kf1 Rf2+ 38. Kg1 Rfg2+ 39.
Kf1 1/2-1/2

[Event "Allendale (MI Am/5/4)"]
[Site "?"]
[Date "1987.??.??"]
[Round "?"]
[White "Smith, Les L"]
[Black "Munger, Larry"]
[Result "1-0"]
[WhiteElo "1995"]
[BlackElo "1680"]
[PlyCount "87"]
[EventDate "1987.??.??"]

{5/(4)} 1. f4 f5 2. Nf3 Nf6 3. e3 d6 4. Bc4 d5 5. Bb3 e6 6. O-O Bd6 7. c4 c6 8.
Qe1 O-O 9. Nc3 Na6 10. a3 Qb6 11. Ba2 Bxf4 12. d4 Bb8 13. cxd5 exd5 14. e4 fxe4
15. Nxe4 Qd8 16. Bg5 Bf5 17. Nxf6+ gxf6 18. Bh6 Re8 19. Qh4 Re4 20. Qf2 Rg4 21.
Nh4 Be4 22. h3 Bg3 23. Qe3 Bxh4 24. hxg4 Bg6 25. g3 Qd7 26. Qf4 Re8 27. Rae1
Rxe1 28. Rxe1 Bxg3 29. Qxg3 Qc7 30. Qxc7 Nxc7 31. Re7 Nb5 32. Be3 b6 33. Re6 f5
34. gxf5 Bxf5 35. Rxc6 h5 36. Bxd5+ Kg7 37. a4 Nxd4 38. Bxd4+ Kh7 39. Bf7 h4
40. Bf6 h3 41. Rc4 h2+ 42. Kxh2 Bg6 43. Rh4+ Bh5 44. Bxh5 1-0

[Event "Allendale (MI Am/1/3)"]
[Site "?"]
[Date "1987.??.??"]
[Round "?"]
[White "Smith, Les L"]
[Black "Lahr, Fred"]
[Result "1-0"]
[WhiteElo "1995"]
[BlackElo "1605"]
[PlyCount "53"]
[EventDate "1987.??.??"]

{1/(3)} 1. f4 Nc6 2. Nf3 Nf6 3. e3 d6 4. d4 d5 5. c3 e6 6. Bd3 Bd6 7. O-O Ne7
8. Nbd2 b6 9. Ne5 c5 10. Qe1 cxd4 11. exd4 Qc7 12. Ndf3 Ng6 13. Ng5 O-O 14. Qg3
a6 15. Bd2 b5 16. Rae1 Qb6 17. Kh1 b4 18. Qh3 a5 19. Ng4 h6 20. Nxf6+ gxf6 21.
Nxf7 Kxf7 22. Qxh6 f5 23. Qh7+ Kf6 24. g4 e5 25. g5+ Ke6 26. Qxg6+ Kd7 27. fxe5
1-0

[Event "Hazel Park (MCO/4/34)"]
[Site "?"]
[Date "1987.??.??"]
[Round "?"]
[White "Small, R.."]
[Black "Feldman, J.."]
[Result "1-0"]
[WhiteElo "1745"]
[BlackElo "1605"]
[PlyCount "57"]
[EventDate "1987.??.??"]

{4/(34)} 1. e4 e5 2. Bc4 Nf6 3. Nc3 Nxe4 4. Bxf7+ Kxf7 5. Nxe4 d5 6. Qf3+ Ke8
7. Ng3 Nc6 8. c3 Bc5 9. N1e2 Rf8 10. Qh5+ g6 11. Qxh7 Bxf2+ 12. Kd1 Qf6 13. Rf1
Rf7 14. Qh6 Qe6 15. Nh1 Be3 16. Qh8+ Ke7 17. Rxf7+ Qxf7 18. Nhg3 Bg5 19. b3 Rb8
20. Ba3+ Ke6 21. Kc2 Bd7 22. Qh3+ Kf6 23. Rf1+ Bf4 24. Qh4+ Kg7 25. Nxf4 Rh8
26. Nfh5+ Rxh5 27. Nxh5+ gxh5 28. Rxf7+ Kxf7 29. Qxh5+ 1-0

[Event "Hazel Park (MCO/5/31)"]
[Site "?"]
[Date "1987.??.??"]
[Round "?"]
[White "Small, R.."]
[Black "Barnette, Glenn"]
[Result "0-1"]
[WhiteElo "1745"]
[BlackElo "1605"]
[PlyCount "88"]
[EventDate "1987.??.??"]

{5/(31)} 1. e4 e6 2. d4 d5 3. Nc3 Bb4 4. Bd3 c5 5. dxc5 Bxc5 6. exd5 exd5 7.
Bb5+ Bd7 8. Qxd5 Bb4 9. Bxd7+ Qxd7 10. Qxd7+ Nxd7 11. Nge2 O-O-O 12. O-O Re8
13. Bf4 Ngf6 14. Be3 a6 15. Rfd1 Re6 16. Rd4 Ba5 17. Rc4+ Kb8 18. Rd1 Rhe8 19.
h3 Ne5 20. Bf4 Ka8 21. Rcd4 Nc6 22. R4d3 Rxe2 23. Nxe2 Rxe2 24. Bd2 Bb6 25. Rf3
Ne5 26. Rf5 Nc4 27. Bc3 Ne4 28. Bd4 Bxd4 29. Rxd4 Ncd6 30. Rf4 g5 31. Rf3 Rxc2
32. Re3 f5 33. f3 Nc4 34. Red3 Ng3 35. Rd8+ Ka7 36. b3 Ne5 37. Rd2 Rc1+ 38. Rd1
Rc7 39. R8d5 Ng6 40. Kf2 f4 41. R1d2 Nh4 42. Rxg5 Ngf5 43. Rg4 Rc8 44. Rxh4
Nxh4 0-1

[Event "Allendale (MI Am/2/10)"]
[Site "?"]
[Date "1987.??.??"]
[Round "?"]
[White "Smalec, John"]
[Black "Shorter, R.."]
[Result "0-1"]
[WhiteElo "1730"]
[BlackElo "1605"]
[PlyCount "124"]
[EventDate "1987.??.??"]

{2/(10)} 1. e4 c5 2. Nf3 g6 3. d4 Bg7 4. d5 d6 5. Bb5+ Nd7 6. Ng5 Qa5+ 7. Qd2
Qxb5 8. Nc3 Qa5 9. O-O Ne5 10. Qe2 h6 11. f4 hxg5 12. fxe5 Bxe5 13. Bd2 Bxh2+
14. Kf2 Be5 15. Nb5 Qb6 16. a4 a5 17. Qf3 f6 18. g4 Bd7 19. c4 Bxb5 20. axb5
Bxb2 21. Ra2 Bd4+ 22. Kg2 Be5 23. Qa3 a4 24. Qf3 Kd7 25. Rh1 Rxh1 26. Kxh1 Qd8
27. Kg2 Nh6 28. Qd1 a3 29. Kf3 Qh8 30. Qh1 Nf7 31. Qg2 Qh2 32. Bc1 Qxg2+ 33.
Kxg2 Rh8 34. Rxa3 Rh2+ 35. Kg1 Rc2 36. Be3 Rc3 37. Bxc5 Rxa3 38. Bxa3 Bd4+ 39.
Kg2 Ne5 40. c5 Bxc5 41. Bb2 Nxg4 42. Kg3 Ne5 43. Bc1 Bf2+ 44. Kg2 e6 45. dxe6+
Kxe6 46. Bb2 Bh4 47. Bd4 d5 48. exd5+ Kxd5 49. Bg1 Ng4 50. Ba7 Bf2 51. Bb8 Kc4
52. Kf3 f5 53. Bd6 Kxb5 54. Be7 Bh4 55. Bd8 Ne5+ 56. Ke3 Nc4+ 57. Kd3 Ne5+ 58.
Ke3 f4+ 59. Ke2 f3+ 60. Kf1 Nf7 61. Be7 Ne5 62. Bf6 Ng4 0-1

[Event "Allendale (MI Am/1/7)"]
[Site "?"]
[Date "1987.??.??"]
[Round "?"]
[White "Skidmore, Mike"]
[Black "Serwatowski, Felix"]
[Result "1-0"]
[WhiteElo "1915"]
[BlackElo "1605"]
[PlyCount "77"]
[EventDate "1987.??.??"]

{1/(7)} 1. e4 e5 2. Nf3 Nc6 3. Bb5 a6 4. Ba4 Nf6 5. d3 Bc5 6. O-O b5 7. Bb3 d6
8. h3 O-O 9. c3 Bb6 10. Re1 Na5 11. Bc2 c5 12. Nbd2 Nc6 13. Nf1 Be6 14. Ng3 h6
15. Be3 Qc7 16. Nh4 d5 17. Nhf5 Kh7 18. Qc1 Ng8 19. exd5 Bxd5 20. c4 Be6 21. d4
e4 22. Bxe4 Bxf5 23. Nxf5 Rae8 24. Ne7+ Kh8 25. Nxg8 Rxe4 26. dxc5 Rxc4 27.
cxb6 Rxc1 28. bxc7 Rxe1+ 29. Rxe1 Kxg8 30. Rc1 Na7 31. Bxa7 Rc8 32. Bb8 Kf8 33.
Rc6 a5 34. Rc5 a4 35. Rxb5 Ke7 36. Rd5 f6 37. b3 axb3 38. axb3 g6 39. b4 1-0

[Event "Lansing (MI Op/6/16)"]
[Site "?"]
[Date "1987.??.??"]
[Round "?"]
[White "Skidmore, Mike"]
[Black "Robison, B.."]
[Result "1-0"]
[WhiteElo "1920"]
[BlackElo "2025"]
[PlyCount "59"]
[EventDate "1987.??.??"]

{6/(16)} 1. e4 e6 2. d4 d5 3. Nd2 c5 4. Ngf3 Nc6 5. c3 cxd4 6. cxd4 dxe4 7.
Nxe4 Bb4+ 8. Nc3 Nf6 9. Be3 Qa5 10. Qc2 Nd5 11. Bd2 O-O 12. a3 Be7 13. Bd3 h6
14. O-O Rd8 15. Bh7+ Kh8 16. Bd3 Bf6 17. Ne4 Qb6 18. Nxf6 Nxf6 19. Ne5 Nxd4 20.
Nxf7+ Kg8 21. Bh7+ Nxh7 22. Qg6 Nf5 23. Bc3 Rd7 24. Ne5 Re7 25. Bb4 Nf8 26. Qh5
Rc7 27. Rad1 g6 28. Nxg6 Nxg6 29. Qxg6+ Ng7 30. Rd8# 1-0

[Event "Lansing (MI Op/2/32)"]
[Site "?"]
[Date "1987.??.??"]
[Round "?"]
[White "Skidmore, Mike"]
[Black "Profit, Brian"]
[Result "1-0"]
[WhiteElo "1920"]
[BlackElo "1815"]
[PlyCount "53"]
[EventDate "1987.??.??"]

{2/(32)} 1. e4 e6 2. d4 d5 3. Nd2 c5 4. c3 cxd4 5. cxd4 dxe4 6. Nxe4 Nf6 7.
Nxf6+ Qxf6 8. Nf3 Bb4+ 9. Bd2 Bxd2+ 10. Qxd2 O-O 11. Bd3 Nc6 12. O-O Rd8 13.
Rad1 b6 14. Be4 Bb7 15. Qe3 Rab8 16. Rc1 Rbc8 17. Ne5 Rd6 18. Rc3 Qe7 19. Rfc1
Qe8 20. Qh3 h6 21. Bxc6 Bxc6 22. Rg3 Kh7 23. Qg4 g6 24. h4 Bb7 25. Rxc8 Bxc8
26. Qf4 Qf8 27. Rxg6 1-0

[Event "Allendale (MI Am/4/3)"]
[Site "?"]
[Date "1987.??.??"]
[Round "?"]
[White "Skidmore, Mike"]
[Black "Helle, Frank"]
[Result "1-0"]
[WhiteElo "1905"]
[BlackElo "1920"]
[PlyCount "51"]
[EventDate "1987.??.??"]

{4/(3)} 1. e4 e5 2. Nf3 Nf6 3. Nc3 Bb4 4. Bc4 Nc6 5. a3 Bxc3 6. dxc3 O-O 7. Qe2
d5 8. exd5 Nxd5 9. Bg5 f6 10. O-O-O Be6 11. Be3 Nce7 12. Bc5 Re8 13. Bxe7 Rxe7
14. Bxd5 Bxd5 15. c4 e4 16. Rxd5 Qc8 17. h3 Qe6 18. Nd4 Qb6 19. Nf5 Re6 20. Qg4
g6 21. Nh6+ Kf8 22. Rhd1 Rae8 23. Rd7 R6e7 24. Rxe7 Rxe7 25. Rd8+ Re8 26. Qd7
1-0

[Event "Lansing (MI Op/4/31)"]
[Site "?"]
[Date "1987.??.??"]
[Round "?"]
[White "Skidmore, Mike"]
[Black "Garrison, Ray"]
[Result "1-0"]
[WhiteElo "1920"]
[BlackElo "1685"]
[PlyCount "43"]
[EventDate "1987.??.??"]

{4/(31)} 1. e4 d5 2. exd5 c6 3. dxc6 Nxc6 4. Bb5 Bd7 5. Nf3 e5 6. Nc3 Bc5 7.
Ne4 Qb6 8. Qe2 Nge7 9. Qc4 a6 10. Bxc6 Qxc6 11. Nxe5 Be6 12. Nxc6 Bxc4 13. Ne5
Bd5 14. Nxc5 Rc8 15. d4 f6 16. Ned3 Nf5 17. c3 Bxg2 18. Rg1 Nh4 19. Kd1 Kf7 20.
Be3 Rhd8 21. Kc2 Rxc5 22. Nxc5 1-0

[Event "Allendale (MI Am/1/16)"]
[Site "?"]
[Date "1987.??.??"]
[Round "?"]
[White "Shorter, R.."]
[Black "Munger, Larry"]
[Result "1/2-1/2"]
[WhiteElo "1605"]
[BlackElo "1680"]
[PlyCount "100"]
[EventDate "1987.??.??"]

{1/(16)} 1. d4 Nf6 2. Nf3 g6 3. e3 Bg7 4. Bd3 c5 5. c3 Qc7 6. Nbd2 d5 7. O-O
O-O 8. Re1 c4 9. Bc2 Bg4 10. e4 dxe4 11. Nxe4 Nbd7 12. Be3 Rad8 13. h3 Bxf3 14.
Qxf3 b5 15. Bf4 Qb6 16. Bg5 Nxe4 17. Rxe4 f6 18. Be3 Qd6 19. Rd1 Rde8 20. Qe2
Rf7 21. Bf4 Qa6 22. a3 Qc8 23. Re6 Nf8 24. Re4 f5 25. Re3 e6 26. b3 Qa6 27.
bxc4 bxc4 28. a4 Nd7 29. Re1 Rfe7 30. Bb3 Nb6 31. Ba2 Qc8 32. Bg5 Nd5 33. Bxe7
Nxe3 34. fxe3 Rxe7 35. Qxc4 Qxc4 36. Bxc4 Kf7 37. e4 Rc7 38. Ba2 Rxc3 39. exf5
Bxd4+ 40. Kf1 gxf5 41. Bxe6+ Kf6 42. Bd7 Re3 43. Rd1 Be5 44. Bb5 Bg3 45. Be2
Re7 46. a5 Rc7 47. a6 h6 48. Rd3 Rc1+ 49. Rd1 Rxd1+ 50. Bxd1 Bd6 1/2-1/2